000
00223nam a2200097Ia 4500
008
220204s9999 xx 000 0 und d
082
_a
82-7
_b
JAC
100
_a
Jacobs, Frank
245
0
_a
Mad for better or verse
942
_c
BK
999
_c
35733
_d
35733